<?xml version="1.0" encoding="UTF-8"?>
<collection xmlns="http://www.loc.gov/MARC21/slim">
 <record>
  <leader>06323nam a2200337 a 4500</leader>
  <controlfield tag="001">kal1539</controlfield>
  <controlfield tag="003">Gr-AtHEAL</controlfield>
  <controlfield tag="005">20160421140403.0</controlfield>
  <controlfield tag="006">m        d        </controlfield>
  <controlfield tag="008">160413s2015    gr      s           gre|c</controlfield>
  <datafield tag="020" ind1=" " ind2=" ">
   <subfield code="a">9789606032066</subfield>
  </datafield>
  <datafield tag="040" ind1=" " ind2=" ">
   <subfield code="a">GR-AtHEAL</subfield>
   <subfield code="b">gre</subfield>
   <subfield code="c">GR-AtHEAL</subfield>
  </datafield>
  <datafield tag="082" ind1="0" ind2="4">
   <subfield code="a">571</subfield>
   <subfield code="2">23</subfield>
  </datafield>
  <datafield tag="100" ind1="1" ind2=" ">
   <subfield code="a">Ριζοπούλου, Σοφία.</subfield>
   <subfield code="8">301</subfield>
  </datafield>
  <datafield tag="245" ind1="1" ind2="0">
   <subfield code="a">Εργαστηριακές ασκήσεις οικοφυσιολογίας φυτών</subfield>
   <subfield code="h">[Ηλεκτρονικός πόρος] </subfield>
   <subfield code="b">Μελέτη της αλληλεπίδρασης της φυσιολογίας των φυτών με το αβιοτικό περιβάλλον, σε συνδυασμό με έρευνα για τη βιοποικιλότητα και διατήρηση της φυτικής ζωής υπό την απειλή της κλιματικής αλλαγής.</subfield>
   <subfield code="c">Ριζοπούλου, Σοφία ;  Γεωργίου, Κυριάκος ;  Θάνος, Κωνσταντίνος ;  Μελετίου-Χρήστου, Μαρία-Σόνια ; Κριτικός αναγνώστης,Δεληπέτρου, Πηνελόπη ; Γραφιστική επιμέλεια,Λιάππη, Ευαγγελία ; Τεχνική επιμέλεια,Λιάππη, Ευαγγελία ; Γλωσσική επιμέλεια,Φραγκάκη, Γεωργία.</subfield>
  </datafield>
  <datafield tag="260" ind1=" " ind2=" ">
   <subfield code="a">Αθήνα :</subfield>
   <subfield code="b">Σύνδεσμος Ελληνικών Ακαδημαϊκών Βιβλιοθηκών,</subfield>
   <subfield code="c">c2015.</subfield>
  </datafield>
  <datafield tag="490" ind1=" " ind2=" ">
   <subfield code="a">Ακαδημαϊκά Ηλεκτρονικά Συγγράμματα και Βοηθήματα Κάλλιπος</subfield>
   <subfield code="8">40</subfield>
  </datafield>
  <datafield tag="520" ind1=" " ind2=" ">
   <subfield code="a">Η Οικοφυσιολογία Φυτών (Plant Ecophysiology) ασχολείται, όπως υποδηλώνει το όνομά της (από τις λέξεις οίκος και φυσιολογία), με την περιβαλλοντική φυσιολογία φυτών, προσπαθώντας να αναγνωρίσει την επίδραση που άσκησε και ασκεί το περιβάλλον στη ζωή των φυτών. Η Οικοφυσιολογία Φυτών, η οποία αποτελεί ακαδημαϊκή εξειδίκευση σε πολλά Πανεπιστήμια, μελετά την αλληλεπίδραση των φυτικών λειτουργιών με το περιβάλλον, και τους προσαρμοστικούς μηχανισμούς των ανώτερων φυτών στο βιοτικό και το αβιοτικό περιβάλλον, όσον αφορά την εγκατάσταση, την ανάπτυξη, την αναπαραγωγή και την κατανομή τους. Η μελέτη γίνεται συνήθως σε διάφορα επίπεδα οργάνωσης, συνδυάζοντας παρατήρηση, μετρήσεις και συλλογή υλικού από το ύπαιθρο με ενδελεχή έρευνα στο εργαστήριο. Σε έναν κόσμο που αλλάζει, το αναζωπυρούμενο ενδιαφέρον για τα φυτά και ιδίως για θέματα βιοποικιλότητας, αποκαλύπτει –με τη συμβολή της Οικοφυσιολογίας Φυτών– την άγνωστη (μέχρι πρότινος) ικανότητα ενός φυτού να αποκριθεί σε δυσμενείς περιβαλλοντικές συνθήκες, όπως για παράδειγμα η παρατεταμένη ξηρασία στη Μεσογειακή Λεκάνη. Τα ΠΕΡΙΕΧΟΜΕΝΑ του βιβλίου [Όργανα Μέτρησης Θερμοκρασίας – Υγρασίας, Όργανα Μέτρησης της Φωτεινής Ακτινοβολίας, Επεξεργασία Μετεωρολογικών δεδομένων με Ομβροθερμικό διάγραμμα EMBERGER-SAUVAGE, η επίδραση της υδατικής καταπόνησης και του pH του θρεπτικού διαλύματος στην ανάπτυξη αρτιβλάστων, οι μηχανισμοί μεταπυρικής αναγέννησης ενός πευκοδάσους, κ.τ.λ.] καλύπτουν την εργαστηριακή ύλη του μαθήματος Οικοφυσιολογία Φυτών και διευρύνονται με θέματα αιχμής της περιβαλλοντικής φυσιολογίας των φυτών. Η παρακολούθηση των εργαστηριακών ασκήσεων είναι υποχρεωτική για τους φοιτητές του Τμήματος Βιολογίας του ΕΚΠΑ. Επίσης δίνεται αναλυτική πληροφορία για το μετρικό σύστημα (metric system) που χρησιμοποιείται ευρέως στον επιστημονικό χώρο, τις ειδικευμένες μονάδες και όρους που χρειάζεται να γνωρίζουν οι φοιτητές και οι νέοι επιστήμονες.</subfield>
  </datafield>
  <datafield tag="650" ind1=" " ind2="0">
   <subfield code="a">Plant ecophysiology</subfield>
   <subfield code="8">2075</subfield>
  </datafield>
  <datafield tag="653" ind1=" " ind2=" ">
   <subfield code="a">Οικοφυσιολογία φυτών</subfield>
  </datafield>
  <datafield tag="653" ind1=" " ind2=" ">
   <subfield code="a">Επιστήμες της ζωής</subfield>
   <subfield code="a">Λειτουργική και οργανισμικη βιολογία</subfield>
   <subfield code="a">Οικολογία</subfield>
   <subfield code="a">Οικολογία της βλάστησης</subfield>
  </datafield>
  <datafield tag="653" ind1=" " ind2=" ">
   <subfield code="a">Επιστήμες της ζωής</subfield>
   <subfield code="a">Λειτουργική και οργανισμικη βιολογία</subfield>
   <subfield code="a">Βοτανική/βιολογία φυτών</subfield>
  </datafield>
  <datafield tag="700" ind1="1" ind2=" ">
   <subfield code="a">Μελετίου-Χρήστου, Μαρία-Σόνια</subfield>
   <subfield code="e">Συγγραφέας</subfield>
   <subfield code="8">302</subfield>
  </datafield>
  <datafield tag="700" ind1="1" ind2=" ">
   <subfield code="a">Θάνος, Κωνσταντίνος</subfield>
   <subfield code="e">Συγγραφέας</subfield>
   <subfield code="8">303</subfield>
  </datafield>
  <datafield tag="700" ind1="1" ind2=" ">
   <subfield code="a">Γεωργίου, Κυριάκος</subfield>
   <subfield code="e">Συγγραφέας</subfield>
   <subfield code="8">304</subfield>
  </datafield>
  <datafield tag="700" ind1="1" ind2=" ">
   <subfield code="a">Δεληπέτρου, Πηνελόπη</subfield>
   <subfield code="e">Κριτικός αναγνώστης</subfield>
   <subfield code="8">305</subfield>
  </datafield>
  <datafield tag="856" ind1="4" ind2="0">
   <subfield code="u">http://hdl.handle.net/11419/1539</subfield>
   <subfield code="z">Πλήρες Κείμενο - Full text</subfield>
  </datafield>
  <datafield tag="907" ind1=" " ind2=" ">
   <subfield code="a">.b2568002x</subfield>
   <subfield code="b">12-06-18</subfield>
   <subfield code="c">29-07-16</subfield>
  </datafield>
  <datafield tag="949" ind1=" " ind2=" ">
   <subfield code="0">0</subfield>
   <subfield code="1">0</subfield>
   <subfield code="2">ddc</subfield>
   <subfield code="4">0</subfield>
   <subfield code="6">571_000000000000000_ΡΙΖ</subfield>
   <subfield code="7">0</subfield>
   <subfield code="8">KALL</subfield>
   <subfield code="8">761</subfield>
   <subfield code="d">2016-04-13</subfield>
   <subfield code="r">2016-04-13</subfield>
   <subfield code="w">2016-04-13</subfield>
   <subfield code="z">571 ΡΙΖ</subfield>
   <subfield code="o">SEAB KALLIPOS</subfield>
  </datafield>
  <datafield tag="998" ind1=" " ind2=" ">
   <subfield code="a">80</subfield>
   <subfield code="a">01</subfield>
   <subfield code="a">02</subfield>
   <subfield code="a">03</subfield>
   <subfield code="a">04</subfield>
   <subfield code="a">05</subfield>
   <subfield code="a">06</subfield>
   <subfield code="a">08</subfield>
   <subfield code="a">07</subfield>
   <subfield code="a">09</subfield>
   <subfield code="a">10</subfield>
   <subfield code="a">11</subfield>
   <subfield code="a">12</subfield>
   <subfield code="a">13</subfield>
   <subfield code="a">14</subfield>
   <subfield code="a">15</subfield>
   <subfield code="a">16</subfield>
   <subfield code="a">17</subfield>
   <subfield code="a">18</subfield>
   <subfield code="a">19</subfield>
   <subfield code="a">20</subfield>
   <subfield code="a">21</subfield>
   <subfield code="a">22</subfield>
   <subfield code="a">23</subfield>
   <subfield code="a">24</subfield>
   <subfield code="a">25</subfield>
   <subfield code="a">26</subfield>
   <subfield code="b">16-05-17</subfield>
   <subfield code="c">m</subfield>
   <subfield code="d">z  </subfield>
   <subfield code="e">-</subfield>
   <subfield code="f">gre</subfield>
   <subfield code="g">gr </subfield>
   <subfield code="h">0</subfield>
  </datafield>
  <datafield tag="942" ind1=" " ind2=" ">
   <subfield code="2">ddc</subfield>
   <subfield code="c">KALLIPOS</subfield>
  </datafield>
 </record>
</collection>
